| Tag |
First Indicator |
Second Indicator |
Subfields |
| LEADER |
00000cam a2200000 4500 |
| 001 |
in00000061150 |
| 005 |
20151008051629.0 |
| 008 |
780320s1941 dcu 00000 eng |
| 010 |
|
|
|a 41018799
|
| 035 |
|
|
|a (OCoLC)03733806
|
| 035 |
|
|
|9 AAG9074AM
|
| 040 |
|
|
|a DLC
|c TLM
|d TXA
|d UtOrBLW
|
| 049 |
|
|
|a TXAM
|c 1 [108975]
|
| 050 |
|
0 |
|a UB210
|b .M8
|
| 082 |
0 |
|
|a 355.331
|
| 092 |
|
|
|a 355.331
|b M969
|
| 100 |
1 |
|
|a Munson, Edward Lyman,
|d 1904-1947.
|
| 245 |
1 |
0 |
|a Leadership for American army leaders /
|c by Major Edward Lyman Munson.
|
| 264 |
|
1 |
|a Washington :
|b The Infantry journal,
|c 1941.
|
| 300 |
|
|
|a 2 pages ., vii-xii pages, 1 ., 96 pages ;
|c 21 cm.
|
| 336 |
|
|
|a text
|b txt
|2 rdacontent
|
| 337 |
|
|
|a unmediated
|b n
|2 rdamedia
|
| 338 |
|
|
|a volume
|b nc
|2 rdacarrier
|
| 650 |
|
0 |
|a Leadership.
|
| 650 |
|
0 |
|a Military art and science.
|
| 730 |
0 |
|
|a Infantry journal.
|
| 999 |
|
|
|a MARS
|
| 999 |
f |
f |
|s 397196d3-e454-3234-bda5-58236e9548e2
|i 1265c9fb-14c7-35e4-8b1b-345a31cc3f02
|t 0
|
| 952 |
f |
f |
|p normal
|a Texas A&M University
|b College Station
|c Sterling C. Evans Library
|d Evans: Library Stacks
|t 0
|e UB210 .M8
|h Library of Congress classification
|i unmediated -- volume
|m A14800804883
|
| 998 |
f |
f |
|a UB210 .M8
|t 0
|l Evans: Library Stacks
|